pays cités dans la bible - Statistiques

Statistiques générales
  • Ce quiz a été pris 280 fois
  • Le résultat moyen est 6 sur 10
Answers on the Grid
Answers color-coded by a green-red scale on the quiz's grid according to % correct below.
Kazakstan
Egypte
Ghana
Allemagne
Irak
Brésil
Tunisie
Espagne
Pologne
Grèce
Etats-Unis
France
Madagascar
Mongolie
Vietnam
Israel
Suède
Chypre
Finlande
Italie
République Tchèque
Libye
Portugal
Nigeria
Iran
Mali
Afrique du Sud
Arabie Saoudite
 
Statistiques - réponses
Réponse % Correct
Israel
83%
Egypte
78%
Iran
68%
Grèce
65%
Irak
63%
Libye
59%
Arabie Saoudite
55%
Italie
49%
Chypre
47%
Tunisie
37%
Aucun quiz correspondant
Distribution des résultats
% des personnes avec chaque résultat
Percentile par nombre de réponses
Votre historique - résultats
Vous n’avez pas pris ce quiz